000 04093cam a22012854i 4500
003 PE-LiUPU
005 20250813185542.0
008 150616s1982 sp rb 000 0 spa d
020 _a8424920813
020 _a9788424920814
035 _a(Sirsi) i9788424920814
040 _aPE-LiUPU
_bspa
_cPE-LiUPU
_erda
049 _aPRUA
082 0 4 _a370.9
_bA58
_221
100 1 _aAngeles Galino, María,
_eautor.
245 1 0 _aHistoria de la educación :
_bedades antigua y media /
_cMaría Angeles Galino.
250 _a2a edición.
264 1 _aMadrid :
_bGredos,
_c1982.
300 _a596 páginas ;
_c24 centímetros.
336 _atext
_2rdacontent
337 _aunmediated
_2rdamedia
338 _avolume
_2rdacarrier
490 0 _aaBiblioteca Hispánica de Filosofía ;
_v26
504 _aBibliografía al final de cada capítulo.
505 0 _aLa educación en el antiguo oriente: Factores de la educación en la China clásica -- El Japón, un pueblo tributario de culturas extranjeras -- La educación en las tradiciones hindúes -- Costumbres pedagógicas de la nobleza persa -- Escuela y educación en los imperios del Nilo -- La educación en el mundo clásico: -Grecia -- Roma -- La educación en el mundo Judeo-cristiano: -La educación teocrática del pueblo hebreo -- La educación en la época post-exilia -- El magisterio de Jesús -- Los círculos docentes en las primeras comunidades cristianas -- La escuela catequética de Alejandría -- La educación medieval: El monje, educador de Europa -- La educación monástica de los siglos VIII al X -- La educación entre los pueblos musulmanes -- Nacimiento de las universidades.
526 _aP202
526 _aP201
526 _aP163
526 _aP162
526 _aP161
526 _aP160
526 _aP148
526 _aP147
526 _aP146
526 _aP145
526 _aP144
526 _aP143
526 _aP142
526 _aP141
526 _aP140
526 _aP139
526 _aP138
526 _aP137
526 _aP136
526 _aP135
526 _aP134
526 _aP133
526 _aP129
526 _aP128
526 _aP127
526 _aP120
526 _aP119
526 _aP118
526 _aP116
526 _aP115
526 _aP114
526 _aP110
526 _aP109
526 _aP108
526 _aP104
526 _aP103
526 _aP102
526 _aP99
526 _aP98
526 _aP97
526 _aP96
526 _aP95
526 _aP93
526 _aP90
526 _aP89
526 _aP88
526 _aP83
526 _aP82
526 _aP62
526 _aP59
526 _aP58
526 _aP57
526 _aP51
526 _aP49
526 _aP48
526 _aP47
526 _aP29
526 _aP24
526 _aP20
526 _aP19
526 _aP17
526 _aP15
526 _aP14
526 _aP12
526 _aP10
526 _aP09
526 _aP08
526 _aP07
526 _aP06
526 _aP05
526 _aP04
526 _aP01
650 0 4 _aEducación
_xHistoria
_vTratados, manuales, etc.
910 _ajck
_bjvq
_cjck
910 _bksl
_cksl
_d20190515
942 _2ddc
_cBOOK
949 _a370.9 A58
_wDEWEY
_c1
_i31401
_lCCODEBUL1
_mBUL
_r0
_sY
_tBOOK
_u2015-4-23
_xEDUCACION
_PP20
_0COMPRA
_o.STAFF. Colección general
949 _a370.9 A58
_wDEWEY
_c2
_i25238
_d2015-11-8
_e2015-11-8
_lCCODEBUL1
_mBUL
_n1
_r0
_sY
_tBOOK
_u2015-6-16
_xEDUCACION
_PP20
_0COMPRA
_o.STAFF. Colección general
994 _aC0
_bPEPRU
596 _a1
999 _a370.9 A58
_wDEWEY
_c48233
_i31401
_f2021-11-5
_g5
_lCCODEBUL1
_mBUL
_r0
_sY
_tBOOK
_u2015-4-23
_xBIBLIOTECA
_PP20
_0COMPRA
_o.STAFF. Colección General
_d48233
999 _a370.9 A58
_wDEWEY
_c2
_i25238
_d2019-5-16
_e2015-11-8
_f2021-11-5
_g6
_lCCODEBUL1
_mBUL
_n1
_p28.00
_q1
_r0
_sY
_tBOOK
_u2015-6-16
_xBIBLIOTECA
_PP20
_0COMPRA
_o.STAFF. Colección General
980 _81
_gALBERTO SANCHEZ Responsable de Automatización